Landscaping principles and practice
Gespeichert in:
| 1. Verfasser: | |
|---|---|
| Format: | Buch |
| Sprache: | Undetermined |
| Veröffentlicht: |
New York
Thomson
2004
|
| Schlagworte: | |
| Tags: |
Tag hinzufügen
Keine Tags, Fügen Sie den ersten Tag hinzu!
|
| Thư viện lưu trữ: | Trung tâm Học liệu Trường Đại học Cần Thơ |
|---|
| LEADER | 00539nam a2200193Ia 4500 | ||
|---|---|---|---|
| 001 | CTU_87603 | ||
| 008 | 210402s9999 xx 000 0 und d | ||
| 020 | |c 109.69 | ||
| 082 | |a 712 | ||
| 082 | |b I.45 | ||
| 100 | |a Ingels, Jack E. | ||
| 245 | 0 | |a Landscaping principles and practice | |
| 245 | 0 | |c Jack E. Ingels | |
| 260 | |a New York | ||
| 260 | |b Thomson | ||
| 260 | |c 2004 | ||
| 650 | |a Landscape architecture,Landscape gardening,Landscaping industry | ||
| 904 | |i Tuyến | ||
| 980 | |a Trung tâm Học liệu Trường Đại học Cần Thơ | ||